| 000 | 00476nam a2200181 a 4500 | ||
|---|---|---|---|
| 001 | 1304 | ||
| 003 | CDMR | ||
| 005 | 20131204103609.0 | ||
| 008 | 130130s2001||||||||||||||||||||||||||||d | ||
| 020 | _a8426131905 | ||
| 040 |
_aCDMR _bcat _cCDMR |
||
| 100 | 1 |
_aSoriano, Tino _9237 |
|
| 245 | 1 | 0 |
_aFotografĂa de viajes _cSORIANO, Tino |
| 260 |
_aBarcelona _c2001 _bJuventud |
||
| 300 |
_a255 p. _bil. fot. col. |
||
| 650 | 0 | 4 |
_94439 _aFotografia _vManuals, guies, etc. |
| 942 |
_cMON _2udc |
||
| 999 |
_c1304 _d1304 |
||